Artists that have won Grammy's - Sudden Death - Statistics

General Stats
  • This quiz has been taken 251 times
    232 since last reset
  • The average score is 5 of 20
Answers on the Grid
Answers color-coded by a green-red scale on the quiz's grid according to % correct below.
ABBA
Ariana Grande
Barack Obama
Billy Ray Cyrus
Bob Marley
Bruno Mars
BTS
Chris Brown
Doechii
Doja Cat
Drake
Guns N Roses
Jay Z
Jennifer Lopez
Jimi Hendrix
Katy Perry
Kings Of Leon
Lady Gaga
Lana Del Rey
Lorde
Michael Jackson
Miley Cyrus
Nas
Nicki Minaj
Olivia Rodrigo
One direction
Outkast
Post Malone
Queen
Teddy Swims
Shakira
Sia
Snoop Dogg
Taylor Swift
The Notorious BIG
The Who
Tina Turner
Tupac
Tyler The Creator
Van Williams
 
Answer Stats
Answer % Correct
Taylor Swift
59%
Lady Gaga
56%
Bruno Mars
41%
Michael Jackson
38%
Jay Z
35%
Olivia Rodrigo
34%
Drake
32%
Miley Cyrus
32%
Ariana Grande
28%
Doechii
26%
Lorde
22%
Tyler The Creator
21%
Shakira
19%
Doja Cat
16%
Chris Brown
9%
Kings Of Leon
9%
Outkast
9%
Barack Obama
7%
Tina Turner
7%
Billy Ray Cyrus
4%
No matching quizzes found
Score Distribution
Percent of People with Each Score
Percentile by Number Answered
Your Score History
You have not taken this quiz since the last reset